| 000 | 00886nam a2200265 a 4500 | ||
|---|---|---|---|
| 001 | 67078 | ||
| 003 | BD-RjUL | ||
| 005 | 20211209081619.0 | ||
| 008 | 170321r19731971enk b 001 0 eng | ||
| 020 | _a0710070160 | ||
| 020 | _a0710070446 (pbk.) | ||
| 035 | _a(BD-RjUL)67209 | ||
| 040 |
_aDLC _cDLC _dBD-RjUL _beng |
||
| 041 | 1 |
_aeng _hfre |
|
| 082 |
_a149.97 _223 _bPIS 1973 |
||
| 100 | 1 |
_aPiaget, Jean, _d1896-1980. _9198693 |
|
| 245 | 1 | 0 |
_aStructuralism / _cJean Piaget ; translated [from the French] and edited by Chaninah Maschler. |
| 260 |
_aLondon : _bRoutledge & Kegan Paul, _c1971, [reprinted 1973] |
||
| 300 |
_avi, 153 p. ; _c22 cm. |
||
| 500 | _aTranslation of: Le Structuralisme, first published by Presses Universitaires de France, 1968. | ||
| 504 | _aBibliography: p. [145]-146. | ||
| 504 | _aIncludes index. | ||
| 650 | 0 |
_aStructuralism. _990532 |
|
| 942 |
_2ddc _cBK |
||
| 999 |
_c67078 _d67078 |
||